[Event "Greifswald Ryck op 24th"]
[Site "Greifswald"]
[Date "2023.07.23"]
[Round "7"]
[White "Stepanjan, Tatevik Mia"]
[Black "Krause, Enrico"]
[Result "0-1"]
[WhiteElo "1370"]
[BlackElo "1576"]
[PlyCount "104"]
[EventDate "2023.07.19"]
[EventType "swiss"]
[EventRounds "7"]
[EventCountry "GER"]
[SourceTitle "CBM 215 Extra"]
[Source "ChessBase"]
[SourceDate "2023.09.30"]
[SourceVersion "1"]
[SourceVersionDate "2023.09.30"]
[SourceQuality "1"]

1. e4 c6 2. d4 d5 3. exd5 cxd5 4. c4 Nf6 5. Nc3 Nc6 6. Be3 Bf5 7. Nf3 e6 8. a3 Rc8 9. cxd5 Nxd5 10. Nxd5 Qxd5 11. b3 Be7 12. Bc4 Qd7 13. 0-0 0-0 14. d5 exd5 15. Bxd5 Rfd8 16. Bxc6 Qxc6 17. Qc1 Qd5 18. Qd1 Qb5 19. Nd4 Qe5 20. Qf3 Bd6 21. Qf4 Qxf4 22. Bxf4 Bd3 23. Rfd1 Bxf4 24. Rxd3 Be5 25. Rad1 Rxd4 26. Rxd4 Bxd4 27. g3 Bb6 28. Re1 Kf8 29. Re2 Rc3 30. Rb2 Ke7 31. a4 Rf3 32. Kg2 Rxf2+ 33. Rxf2 Bxf2 34. Kxf2 Kd6 35. Ke3 Kc5 36. Kd3 Kb4 37. Kc2 f5 38. h4 g6 39. Kb2 h6 40. Kc2 g5 41. h5 f4 42. gxf4 gxf4 43. a5 Kxa5 44. Kd3 Kb4 45. Ke4 Kxb3 46. Kxf4 a5 47. Kf5 a4 48. Kg6 a3 49. Kxh6 a2 50. Kg6 a1Q 51. h6 Qh8 52. h7 Kc4 0-1

[Event "Greifswald Ryck op 24th"]
[Site "Greifswald"]
[Date "2023.07.22"]
[Round "6"]
[White "Stepanjan, Tatevik Mia"]
[Black "Wagner, Tino"]
[Result "1-0"]
[WhiteElo "1370"]
[BlackElo "1398"]
[PlyCount "89"]
[EventDate "2023.07.19"]
[EventType "swiss"]
[EventRounds "7"]
[EventCountry "GER"]
[SourceTitle "CBM 215 Extra"]
[Source "ChessBase"]
[SourceDate "2023.09.30"]
[SourceVersion "1"]
[SourceVersionDate "2023.09.30"]
[SourceQuality "1"]

1. e4 e5 2. Nf3 Nc6 3. Bb5 f5 4. d3 fxe4 5. dxe4 Nf6 6. Nc3 Bb4 7. Bg5 Bxc3+ 8. bxc3 d6 9. h3 0-0 10. Qd3 Be6 11. 0-0 Ne7 12. Rfe1 Ng6 13. Bc4 Bxc4 14. Qxc4+ Kh8 15. Rab1 b6 16. Nh4 Nxh4 17. Bxh4 Qd7 18. Re3 Rf7 19. Rd1 Raf8 20. Qd3 Qe6 21. Qa6 c6 22. Qa3 c5 23. f3 Ne8 24. Qb3 Qxb3 25. cxb3 Rd7 26. Bg3 Kg8 27. Bxe5 Rff7 28. Red3 Kf8 29. Bxd6+ Rxd6 30. Rxd6 Nxd6 31. Rxd6 Ke7 32. Rd5 Ke6 33. Kf2 g6 34. Ke3 h6 35. f4 Rg7 36. g4 h5 37. g5 Rf7 38. Re5+ Kd6 39. c4 Kd7 40. f5 Kd6 41. fxg6 Rg7 42. Rf5 Ke7 43. Rf7+ Rxf7 44. gxf7 Kxf7 45. Kf4 1-0

[Event "Greifswald Ryck op 24th"]
[Site "Greifswald"]
[Date "2023.07.19"]
[Round "1"]
[White "Johlke, Lorenz"]
[Black "Stepanjan, Tatevik Mia"]
[Result "1-0"]
[WhiteElo "1644"]
[BlackElo "1370"]
[PlyCount "73"]
[EventDate "2023.07.19"]
[EventType "swiss"]
[EventRounds "7"]
[EventCountry "GER"]
[SourceTitle "CBM 215 Extra"]
[Source "ChessBase"]
[SourceDate "2023.09.30"]
[SourceVersion "1"]
[SourceVersionDate "2023.09.30"]
[SourceQuality "1"]

1. e3 e5 2. d4 exd4 3. exd4 d5 4. Nf3 Nf6 5. Bd3 c5 6. c3 Nc6 7. 0-0 c4 8. Bc2 Bd6 9. Re1+ Be7 10. Bg5 0-0 11. h3 h6 12. Bh4 Be6 13. Nbd2 Qd7 14. Ne5 Qc8 15. Ndf3 Re8 16. Qd2 Nd7 17. Bxe7 Ncxe5 18. dxe5 Rxe7 19. Nd4 Qc7 20. f4 Qb6 21. Kh1 Nc5 22. f5 Bd7 23. f6 gxf6 24. Qxh6 f5 25. Qg5+ Kf8 26. Nxf5 Bxf5 27. Bxf5 Nd7 28. Bxd7 Rxd7 29. e6 fxe6 30. Re2 Qd8 31. Qh6+ Kg8 32. Qxe6+ Kh8 33. Rf1 Rg7 34. Rf6 Qd7 35. Rh6+ Rh7 36. Qxd7 Rxh6 37. Re8+ 1-0

[Event "GER-ch U25-B"]
[Site "Willingen"]
[Date "2023.05.29"]
[Round "3"]
[White "Groessing, Daniel Yosuke"]
[Black "Stepanjan, Tatevik Mia"]
[Result "1-0"]
[WhiteElo "1615"]
[BlackElo "1206"]
[PlyCount "69"]
[EventDate "2023.05.27"]
[EventType "swiss"]
[EventRounds "9"]
[EventCountry "GER"]
[SourceTitle "CBM 214 Extra"]
[Source "ChessBase"]
[SourceDate "2023.07.31"]
[SourceVersion "1"]
[SourceVersionDate "2023.07.31"]
[SourceQuality "1"]

1. d4 d5 2. c4 e6 3. Nc3 Nf6 4. Bg5 Bb4 5. a3 Bxc3+ 6. bxc3 b6 7. cxd5 exd5 8. e3 a6 9. Bd3 Be6 10. h3 Nbd7 11. Nf3 0-0 12. 0-0 h6 13. Bf4 c5 14. Rc1 c4 15. Bb1 Qe7 16. Qa4 a5 17. Rfe1 Nb8 18. Ne5 Nfd7 19. Qc2 Nf6 20. a4 Qe8 21. f3 Nbd7 22. e4 dxe4 23. Nxd7 Bxd7 24. fxe4 Bxa4 25. Qd2 Bc6 26. e5 Nd7 27. Qc2 g6 28. Bxh6 Qe6 29. Bxf8 Rxf8 30. Qd2 Qd5 31. Be4 Qb5 32. Rb1 Qa4 33. d5 Bb7 34. e6 fxe6 35. dxe6 1-0

[Event "GER-chT U16 Girls"]
[Site "Neumuenster"]
[Date "2022.12.28"]
[Round "4"]
[White "Sohr, Luna"]
[Black "Stepanjan, Tatevik Mia"]
[Result "1-0"]
[WhiteElo "1411"]
[BlackElo "1108"]
[PlyCount "89"]
[EventDate "2022.12.26"]
[EventType "team-swiss"]
[EventRounds "7"]
[EventCountry "GER"]
[SourceTitle "CBM 212 Extra"]
[Source "ChessBase"]
[SourceDate "2023.03.31"]
[SourceVersion "1"]
[SourceVersionDate "2023.03.31"]
[SourceQuality "1"]
[WhiteTeam "Koenigsjaeger Sued West"]
[BlackTeam "Elmshorn"]
[WhiteTeamCountry "GER"]
[BlackTeamCountry "GER"]

1. d4 d5 2. c4 e6 3. Nc3 Nf6 4. cxd5 exd5 5. Bg5 Be6 6. e3 a6 7. Bd3 c5 8. Nge2 Nc6 9. dxc5 Bxc5 10. 0-0 0-0 11. Nf4 d4 12. Ne4 Be7 13. Nxf6+ Bxf6 14. Qh5 g6 15. Bxf6 gxh5 16. Bxd8 Raxd8 17. Rfe1 Nb4 18. Nxe6 fxe6 19. Rad1 dxe3 20. Rxe3 Nxa2 21. Rxe6 Nb4 22. Be2 Rxd1+ 23. Bxd1 Rc8 24. Kf1 Rc1 25. Ke2 Rc8 26. Bb3 Kf8 27. Rb6 Nc6 28. Rxb7 Nd4+ 29. Ke3 Nf5+ 30. Kf4 Ne7 31. Rb6 Ra8 32. Rf6+ Ke8 33. Ba4+ Nc6 34. Bxc6+ Ke7 35. Bxa8 Kxf6 36. b4 Ke6 37. Bb7 Kd7 38. Bxa6 Kc7 39. Kg5 Kb6 40. b5 h6+ 41. Kxh6 h4 42. f4 Ka7 43. f5 h3 44. gxh3 Kb8 45. f6 1-0

[Event "Sachsen-Anhalt-ch op"]
[Site "Magdeburg"]
[Date "2022.10.31"]
[Round "6"]
[White "Stepanjan, Tatevik Mia"]
[Black "Wohlrabe, Joerg"]
[Result "0-1"]
[WhiteElo "1048"]
[BlackElo "1642"]
[PlyCount "142"]
[EventDate "2022.10.29"]
[EventType "swiss"]
[EventRounds "7"]
[EventCountry "GER"]
[SourceTitle "CBM 211 Extra"]
[Source "ChessBase"]
[SourceDate "2023.01.31"]
[SourceVersion "1"]
[SourceVersionDate "2023.01.31"]
[SourceQuality "1"]

1. e4 e5 2. Nf3 Nc6 3. Nc3 d6 4. Bb5 Bd7 5. d3 Nf6 6. Bg5 Be7 7. 0-0 0-0 8. d4 exd4 9. Nxd4 Nxd4 10. Bxd7 Nxd7 11. Bxe7 Qxe7 12. Qxd4 Nb6 13. Rfe1 Rfe8 14. Re3 Qe5 15. Qxe5 dxe5 16. Rd1 Nc4 17. Rg3 Red8 18. b3 Rxd1+ 19. Nxd1 Na3 20. Rc3 c6 21. b4 Nb5 22. Rd3 Kf8 23. Rd7 Rb8 24. Kf1 Ke8 25. Rd3 Ke7 26. Ke1 Nd4 27. Kd2 Ne6 28. g3 c5 29. a3 cxb4 30. axb4 Rc8 31. c3 Rc6 32. Ne3 Ng5 33. Nd5+ Ke6 34. Ke3 Rc4 35. f3 h5 36. h4 Nh7 37. Ke2 g6 38. Kd2 f5 39. Ke3 fxe4 40. fxe4 g5 41. Kf3 gxh4 42. gxh4 Nf8 43. Ne3 Rc8 44. Nf5 Rc6 45. Ng7+ Ke7 46. Nxh5 Rh6 47. Kg4 Ng6 48. Kg5 Rxh5+ 49. Kxh5 Nf4+ 50. Kg5 Nxd3 51. Kg6 Kd6 52. h5 Nf4+ 53. Kg5 Nxh5 54. Kxh5 b6 55. b5 Kc5 56. c4 Kd4 57. Kg5 Kxe4 58. Kg4 Kd3 59. Kf5 e4 60. Kf4 e3 61. Kf3 Kd2 62. c5 bxc5 63. b6 axb6 64. Kf4 e2 65. Kf5 e1Q 66. Kf4 Qe6 67. Kf3 Qf5+ 68. Kg3 Ke3 69. Kg2 Qf2+ 70. Kh3 Qg1 71. Kh4 Kf4 0-1

[Event "Greifswald Springer op"]
[Site "Greifswald"]
[Date "2022.10.08"]
[Round "1"]
[White "Stepanjan, Tatevik Mia"]
[Black "Widebeck, Klas"]
[Result "0-1"]
[WhiteElo "1048"]
[BlackElo "1625"]
[PlyCount "100"]
[EventDate "2022.10.08"]
[EventType "swiss"]
[EventRounds "7"]
[EventCountry "GER"]
[SourceTitle "CBM 210 Extra"]
[Source "ChessBase"]
[SourceDate "2022.11.30"]
[SourceVersion "1"]
[SourceVersionDate "2022.11.30"]
[SourceQuality "1"]

1. e4 c6 2. d4 d5 3. f3 dxe4 4. fxe4 e5 5. Nf3 Bg4 6. dxe5 Qxd1+ 7. Kxd1 Nd7 8. Bf4 g6 9. h3 Bxf3+ 10. gxf3 Bg7 11. e6 Bxb2 12. exd7+ Kxd7 13. c3 Bxa1 14. Kc2 b5 15. a3 a5 16. Be5 f6 17. Bd4 b4 18. axb4 axb4 19. Bc4 h6 20. Rd1 Kc7 21. Bxg8 Rhxg8 22. Bxf6 Bxc3 23. Nxc3 bxc3 24. Bxc3 Ra2+ 25. Kb3 Rf2 26. Be5+ Kc8 27. Rd3 Rd8 28. Rc3 Kb7 29. Bf6 Rd1 30. Bh4 Rg2 31. f4 Rdg1 32. Rc2 Rxc2 33. Kxc2 Rh1 34. Be1 Rxe1 35. e5 Kc7 36. Kd2 Re4 37. Kd3 Rxf4 38. Ke3 Rh4 39. e6 Rxh3+ 40. Kf4 Kd6 41. e7 Kxe7 42. Ke5 h5 43. Kf4 Rh1 44. Kg5 h4 45. Kg4 c5 46. Kf3 c4 47. Ke2 h3 48. Kf2 c3 49. Ke2 h2 50. Kf2 Rg1 0-1

[Event "GER-ch Youth-C"]
[Site "Willingen"]
[Date "2022.06.11"]
[Round "9"]
[White "Rabus, Johann"]
[Black "Stepanjan, Tatevik Mia"]
[Result "1/2-1/2"]
[WhiteElo "1079"]
[BlackElo "1057"]
[PlyCount "49"]
[EventDate "2022.06.04"]
[EventType "swiss"]
[EventRounds "9"]
[EventCountry "GER"]
[SourceTitle "CBM 208 Extra"]
[Source "ChessBase"]
[SourceDate "2022.07.31"]
[SourceVersion "1"]
[SourceVersionDate "2022.07.31"]
[SourceQuality "1"]

1. e4 c5 2. d4 cxd4 3. c3 d3 4. c4 Nc6 5. Bxd3 d6 6. Nc3 Nf6 7. Nf3 e6 8. 0-0 Be7 9. Be3 0-0 10. Qe2 b6 11. Rad1 a6 12. e5 Ng4 13. exd6 Bf6 14. Ne4 Bb7 15. Nxf6+ Qxf6 16. Bg5 Nd4 17. Bxh7+ Kxh7 18. Rxd4 Bxf3 19. Bxf6 Bxe2 20. Re1 Nxf6 21. Rxe2 Rfd8 22. b4 Rac8 23. Rc2 Rd7 24. c5 bxc5 25. bxc5 1/2-1/2

[Event "GER-ch Youth-C"]
[Site "Willingen"]
[Date "2022.06.10"]
[Round "8"]
[White "Stepanjan, Tatevik Mia"]
[Black "Seelinger, Elina"]
[Result "0-1"]
[WhiteElo "1057"]
[BlackElo "1022"]
[PlyCount "124"]
[EventDate "2022.06.04"]
[EventType "swiss"]
[EventRounds "9"]
[EventCountry "GER"]
[SourceTitle "CBM 208 Extra"]
[Source "ChessBase"]
[SourceDate "2022.07.31"]
[SourceVersion "1"]
[SourceVersionDate "2022.07.31"]
[SourceQuality "1"]

1. e4 e5 2. Nf3 Nc6 3. Bb5 a6 4. Ba4 Bc5 5. d3 d6 6. Nc3 Nge7 7. Bg5 Bd7 8. 0-0 0-0 9. Nd5 Re8 10. Bxc6 Bxc6 11. Nxe7+ Rxe7 12. Bxe7 Qxe7 13. c3 Rd8 14. d4 Bb6 15. d5 Bb5 16. Re1 a5 17. b3 c6 18. c4 Ba6 19. a4 Bc5 20. Qd3 Bb4 21. Re3 Re8 22. Ne1 Bc5 23. Rh3 Qf6 24. Qg3 b6 25. dxc6 Bc8 26. Rh4 g5 27. Nf3 h6 28. Rd1 Kf8 29. Rh5 Qg6 30. Rh3 Bxh3 31. gxh3 Rc8 32. Qg4 Rxc6 33. Nd2 Rc7 34. Qf5 Qxf5 35. exf5 Rd7 36. Ne4 Ke7 37. Kg2 Rd8 38. Nxc5 dxc5 39. Rxd8 Kxd8 40. Kf3 Ke7 41. Ke4 Kd6 42. f3 h5 43. Ke3 Ke7 44. Kd3 Kf6 45. h4 Kxf5 46. hxg5 Kxg5 47. Ke4 f6 48. Ke3 f5 49. Kf2 Kf4 50. Ke2 e4 51. fxe4 Kxe4 52. Kf2 Kf4 53. h3 h4 54. Kg2 Ke3 55. Kf1 Kf3 56. Kg1 Ke2 57. Kh2 f4 58. Kg1 f3 59. b4 f2+ 60. Kh2 f1Q 61. bxc5 Kf2 62. cxb6 Qg2# 0-1

[Event "GER-ch Youth-C"]
[Site "Willingen"]
[Date "2022.06.09"]
[Round "7"]
[White "Aguike, Chidera"]
[Black "Stepanjan, Tatevik Mia"]
[Result "1-0"]
[WhiteElo "1266"]
[BlackElo "1057"]
[PlyCount "87"]
[EventDate "2022.06.04"]
[EventType "swiss"]
[EventRounds "9"]
[EventCountry "GER"]
[SourceTitle "CBM 208 Extra"]
[Source "ChessBase"]
[SourceDate "2022.07.31"]
[SourceVersion "1"]
[SourceVersionDate "2022.07.31"]
[SourceQuality "1"]

1. e4 c5 2. Nf3 Nc6 3. Bc4 e6 4. Nc3 Nf6 5. d4 cxd4 6. Nxd4 Bb4 7. f3 0-0 8. Bg5 e5 9. Nb3 h6 10. Bh4 b6 11. Qd3 d6 12. 0-0-0 Bxc3 13. bxc3 Bb7 14. Qxd6 Qxd6 15. Rxd6 Rfd8 16. Rhd1 Rxd6 17. Rxd6 Ne8 18. Rd7 g5 19. Bg3 Bc8 20. Rxf7 Kh8 21. Bd5 Nd6 22. Rc7 Bb7 23. Bxc6 Bxc6 24. Rxc6 Nf7 25. Rc7 Rf8 26. Rxa7 h5 27. Re7 h4 28. Bxe5+ Nxe5 29. Rxe5 Rg8 30. Re6 Rb8 31. Rg6 Rg8 32. Rxg8+ Kxg8 33. g3 hxg3 34. hxg3 Kf7 35. f4 gxf4 36. gxf4 Ke6 37. Kd2 b5 38. Kd3 Kf6 39. Kd4 Ke6 40. Kc5 b4 41. cxb4 Ke7 42. Kc6 Ke8 43. Kc7 Ke7 44. b5 1-0

[Event "GER-ch U12 Girls"]
[Site "Willingen"]
[Date "2021.08.24"]
[Round "3"]
[White "Stepanjan, Tatevik Mia"]
[Black "Terekhin, Maria"]
[Result "1-0"]
[WhiteElo "1170"]
[BlackElo "1030"]
[PlyCount "43"]
[EventDate "2021.08.22"]
[EventType "swiss"]
[EventRounds "9"]
[EventCountry "GER"]
[SourceTitle "EXT 2022"]
[Source "ChessBase"]
[SourceDate "2021.10.06"]
[SourceVersion "1"]
[SourceVersionDate "2021.10.06"]
[SourceQuality "1"]

1. e4 e5 2. Nf3 Nc6 3. Bb5 a6 4. Ba4 Nf6 5. d3 b5 6. Bb3 Bc5 7. 0-0 d6 8. Bg5 h6 9. Bh4 g5 10. Bg3 Bg4 11. c3 Bb6 12. Nbd2 h5 13. h3 Bxf3 14. Nxf3 h4 15. Bh2 Nh5 16. d4 f6 17. a4 Ke7 18. Ba2 Nf4 19. Bxf4 gxf4 20. Qb3 Qe8 21. Qe6+ Kf8 22. Qxf6+ 1-0

[Event "GER-ch U10 Girls"]
[Site "Willingen"]
[Date "2020.10.29"]
[Round "4"]
[White "Hoffmann, Svenja"]
[Black "Stepanjan, Tatevik Mia"]
[Result "1-0"]
[WhiteElo "1219"]
[BlackElo "1030"]
[PlyCount "103"]
[EventDate "2020.10.26"]
[EventType "swiss"]
[EventRounds "7"]
[EventCountry "GER"]
[SourceTitle "CBM 199 Extra"]
[Source "ChessBase"]
[SourceDate "2021.01.31"]
[SourceVersion "1"]
[SourceVersionDate "2021.01.31"]
[SourceQuality "1"]

1. e4 c5 2. Nc3 Nc6 3. f4 d6 4. Nf3 Nf6 5. Bc4 Bg4 6. 0-0 g6 7. d3 Bg7 8. Qe1 e5 9. Ng5 0-0 10. Nd5 Nd4 11. Qh4 h6 12. Nxf6+ Qxf6 13. Bd2 Be2 14. Rf2 hxg5 15. fxg5 Qe7 16. c3 Bh5 17. cxd4 cxd4 18. g4 Bxg4 19. Qxg4 Rac8 20. Bxf7+ Rxf7 21. Qxc8+ Bf8 22. Rxf7 Qxf7 23. Rf1 Qg7 24. Bb4 Qe7 25. Rf6 Kh7 26. Bxd6 Qg7 27. Bxf8 Qg8 28. Qxb7+ Kh8 29. Qxa7 Qh7 30. Qa6 Qh4 31. Bg7+ Kh7 32. Rxg6 Qg4+ 33. Kf2 Qf4+ 34. Ke2 Qe3+ 35. Kd1 Qg1+ 36. Kc2 Qf2+ 37. Kb3 Qf7+ 38. Re6 Kxg7 39. h4 Kg8 40. g6 Qd7 41. Rb6 Qc7 42. Qa8+ Kg7 43. Rb7 Qxb7+ 44. Qxb7+ Kxg6 45. a4 Kh5 46. a5 Kxh4 47. a6 Kg3 48. a7 Kf3 49. a8Q Ke3 50. Qf7 Kxd3 51. Qf3+ Kd2 52. Qa5+ 1-0

[Event "GER-ch U10 Girls"]
[Site "Willingen"]
[Date "2020.10.27"]
[Round "1"]
[White "Stepanjan, Tatevik Mia"]
[Black "Meier, Viktoria"]
[Result "0-1"]
[WhiteElo "1030"]
[BlackElo "1316"]
[PlyCount "102"]
[EventDate "2020.10.26"]
[EventType "swiss"]
[EventRounds "7"]
[EventCountry "GER"]
[SourceTitle "CBM 199 Extra"]
[Source "ChessBase"]
[SourceDate "2021.01.31"]
[SourceVersion "1"]
[SourceVersionDate "2021.01.31"]
[SourceQuality "1"]

1. e4 c6 2. d4 d5 3. e5 Bf5 4. Nf3 e6 5. Nc3 Nd7 6. Be2 Bg6 7. 0-0 Ne7 8. Bg5 Qb6 9. b3 Nf5 10. h3 Bb4 11. Na4 Qc7 12. c3 Ba5 13. b4 Bb6 14. c4 a5 15. b5 c5 16. Be3 Nxe3 17. fxe3 0-0 18. Ng5 cxd4 19. Nxb6 Nxb6 20. exd4 dxc4 21. Rc1 Qd7 22. a4 Rac8 23. Rf4 Qe7 24. h4 Qb4 25. Ra1 c3 26. Qc1 Qb2 27. Bd1 Qxc1 28. Rxc1 c2 29. Bf3 Rc7 30. Be4 Bxe4 31. Nxe4 Nxa4 32. Rf2 Rfc8 33. Rd2 Nb2 34. Nc5 b6 35. Rcxc2 Na4 36. Nxa4 Rxc2 37. Rxc2 Rxc2 38. Nxb6 Rb2 39. Nd7 Rxb5 40. Kf2 a4 41. Nc5 a3 42. d5 Rxc5 43. d6 Rd5 44. Ke3 a2 45. d7 Rxd7 46. g4 a1Q 47. g5 Qd4+ 48. Kf3 Qd3+ 49. Kf2 Ra7 50. Ke1 Ra2 51. g6 Qb1# 0-1

[Event "GER Pfingstopen U16"]
[Site "Playchess.com INT"]
[Date "2020.06.05"]
[Round "11"]
[White "Borgert, Alexander"]
[Black "Stepanjan, Tatevik Mia"]
[Result "1-0"]
[WhiteElo "1457"]
[BlackElo "1192"]
[PlyCount "35"]
[EventDate "2020.06.05"]
[EventType "swiss (blitz)"]
[EventRounds "11"]
[EventCountry "GER"]
[SourceTitle "CBM 197 Extra"]
[Source "ChessBase"]
[SourceDate "2020.09.30"]
[SourceVersion "1"]
[SourceVersionDate "2020.09.30"]
[SourceQuality "1"]

1. d4 d5 2. c4 dxc4 3. e3 Nf6 4. Bxc4 e6 5. Nc3 Nc6 6. Nf3 Bb4 7. a3 Ba5 8. b4 Bb6 9. Rb1 0-0 10. a4 a5 11. b5 Nb4 12. Ba3 Nbd5 13. Nxd5 Nxd5 14. Bxf8 Kxf8 15. Qd3 Nb4 16. Qxh7 g6 17. Ne5 Qe7 18. Qh8# 1-0

[Event "GER Pfingstopen U16"]
[Site "Playchess.com INT"]
[Date "2020.06.05"]
[Round "10"]
[White "Stepanjan, Tatevik Mia"]
[Black "Gerhardt, Paul"]
[Result "1-0"]
[WhiteElo "1192"]
[BlackElo "1268"]
[PlyCount "99"]
[EventDate "2020.06.05"]
[EventType "swiss (blitz)"]
[EventRounds "11"]
[EventCountry "GER"]
[SourceTitle "CBM 197 Extra"]
[Source "ChessBase"]
[SourceDate "2020.09.30"]
[SourceVersion "1"]
[SourceVersionDate "2020.09.30"]
[SourceQuality "1"]

1. e3 d5 2. e4 dxe4 3. f3 exf3 4. Nxf3 Bg4 5. Be2 Bxf3 6. Bxf3 Nc6 7. d3 Nf6 8. Bg5 e5 9. Nc3 Bb4 10. a3 Bc5 11. b4 Bb6 12. Ke2 0-0 13. Qd2 Ne7 14. Bxf6 gxf6 15. Qh6 Nf5 16. Qh5 Nd6 17. Be4 f5 18. Bxf5 Nxf5 19. Qxf5 Bd4 20. Kd2 Bxc3+ 21. Kxc3 Qd4+ 22. Kd2 Rfe8 23. Qg5+ Kh8 24. Rhf1 Rg8 25. Qf6+ Rg7 26. h4 Kg8 27. h5 Rf8 28. h6 Qg4 29. hxg7 Qxg7 30. Qxg7+ Kxg7 31. Rf5 Re8 32. Raf1 h6 33. g4 Kg6 34. Rf6+ Kg7 35. Rxf7+ Kg6 36. R7f6+ Kg7 37. Rf7+ Kg6 38. R1f6+ Kg5 39. Rf5+ Kg6 40. R7f6+ Kg7 41. Rf7+ Kg6 42. Rxc7 e4 43. dxe4 Rxe4 44. Rcf7 Rxg4 45. R7f6+ Kg7 46. Rf7+ Kg6 47. c3 h5 48. Kd3 h4 49. Rf8 h3 50. R5f6+ 1-0